000 00619nam a2200241Ia 4500
003 OSt
005 20221005093859.0
006 a|||||r|||| 00| 0
007 ta
008 221004b |||||||| |||| 00| 0 eng d
024 _a52862
037 _cTextual
040 _aCRL
_cCRL
_beng
041 _2eng
_aeng
082 _aR3xN30:g, N2
100 _aWood David Ed.
_979184
245 0 _aDerrida
_b A critical reader
260 _aOxford
_bBlackwell
_c1992
300 _a297p
_ccm.
650 _aPHILOSOPHY
942 _hR3xN30:g, N2
_cTEXL
_2cc
999 _c1001070
_d1001070